Současný a budoucí vývoj ve výrobě a spotřebě nápojů /

Hlavní autor: Hrudková, Alena
Jazyk: Čeština
Vydáno: Praha : Výzkumný ústav potravinářského průmyslu, 1985
Fyzický popis: 64 s.
Knihy
Uloženo v:
LEADER 00673nam a2200193 a 4500
001 000649401
003 CZ BrMZK
005 20030204124014.0
008 030128s1985 xr f cze d
040 |a BOA001  |b cze  |c BOA001 
080 |a 663.2/.8  |2 MRF 
100 1 |a Hrudková, Alena  |7 mzk2009533571  |4 aut 
245 1 0 |a Současný a budoucí vývoj ve výrobě a spotřebě nápojů /  |c A. Hrudková 
260 |a Praha :  |b Výzkumný ústav potravinářského průmyslu,  |c 1985 
300 |a 64 s. 
504 |a Bibliografie na s. 61-64 
910 |a BOA001  |b TK-A-0226.213 
990 |a BK 
996 6 |b BC-74341  |c TK-A-0226.213  |l MZK  |r Sklad / do 24 hodin  |n 0  |w 000649401  |u 000010  |a 1  |e BOA001  |j MZK50  |s P